| 000 | 00408nam a2200157Ia 4500 | ||
|---|---|---|---|
| 008 | 210716s2015 xx 000 0 und d | ||
| 020 | _a9789352131754 | ||
| 041 | _aeng | ||
| 082 | _a658.5752072 MOUJ | ||
| 100 | _aMoule, Jodie. | ||
| 245 | _aKiller ux design. | ||
| 250 | _a1 | ||
| 260 |
_aNew Delhi _bShroff Publishers and Distributors Pvt Ltd _c2015 |
||
| 300 | _axx,266 | ||
| 650 | _aSoftware Testing | ||
| 999 |
_c195217 _d195217 |
||